000 00556nam a2200205Ia 4500
003 OSt
005 20260428165947.0
008 220917b |||||||| |||| 00| 0 eng d
037 _cTB
040 _aARTS
_cARTS
_beng
041 _2eng
_aeng
084 _aV216,61.N9 M4
_qAL
100 _aNarayana S V
_9104126
245 0 _aDistrict politics in India
260 _aNewDelhi
_bAshish Publishing House India
_c1984
300 _a232p.
650 _aHISTORY
942 _hV216,61.N9 M4
_cTB
_2CC
999 _c225278
_d225278